01249nam a22002297a 4500952011300000999001700113008004100130020001800171050002100189100003600210245006600246250001700312260003500329300007700364490005900441500010900500505021800609519011100827650003000938650003900968942001201007 00104070a04b04d2015-04-21l12m1oRA1018 V37 2013p04 005134r2026-06-15s2026-06-09t1w2015-04-21yLB c96424d96424120625t2013 mx ao||f 001 0 esp d a978607171434314aRA1018bV37 20131 aVargas Alvarado, Eduardoeautor10aMedicina forense criminalística c/ Eduardo Vargas Alvarado a2a edición3 aMéxico b: Trillasc , 2013. a175 páginasb: ilustraciones, fotografías en Blanco y Negroc; 25 cm0 aMedicina y Ciencias Forenses para Médicos y Abogados aIncluye bibliografía (p. 164) Incluye glosario (p. 165-166) Incluye índice onomástico (p. 167-175)2 aConcepto Historia Continente Americano Medicina Forense Documentos Medico Legales Investigación en el escenario de la muerte Identificación medico legal Identificación dental Identificación policial. aEducación Mixta /bCriminalística /cTécnicas Forenses de Identificación (P04 L- 2) /d(04 005134)1 aMEDICINA LEGAL xHISTORIA2 aCRIMINALÍSTICAxIDENTIFICACIÓN cLB2lcc